000 00304nam a2200121Ia 4500
008 190216s9999||||xx |||||||||||||| ||und||
100 _aMelvin J Astle & Reid Shelton J
245 0 _aOrganic Chemistry
260 _bOxford University Press
_c1959
300 _a771p
650 _aChemistry
942 _cBK
999 _c1962
_d1962